00747nam a2200205 a 450000100100000000500170001000800410002702000150006804000250008308200150010810000370012324500540016026000450021430000200025949000100027950000460028983000170033595201720035299900170052400004604820201002052614.0150612s2005 dr 000 p spa d a9993423904 aDO-SdBNPbspacBNPHU axxxxbxxxx1 aGaleano Lehmann, Mónica97412413aEl séptimo candado /cMónica Galeano Lehmann. aSanto Domingo :bAmigo del Hogar,c2005. a78 p. ;c22 cm.1 aUCADE aIncluye datos biográficos de la autora. 0aUCADE974125 0010718PDaPDbPDcCTd2015-06-12iLF1l0oxxxx xxxxp46048-10r2020-06-25w2020-06-25yLFPDzPerteneció a la biblioteca personal de Erick Landestoy.ZNo se presta c45537d45537